[Event "Gatineau Service des Loisirs"]
[Site "Gatineau CAN"]
[Date "2012.10.16"]
[Round "1"]
[White "Berthiaume, Serge"]
[Black "Jobin, Gilles G"]
[Result "1/2-1/2"]
[WhiteElo "1399"]
[BlackElo "1838"]
[PlyCount "72"]
[GameId "2160767909411755"]
[EventDate "2012.10.16"]
[EventType "swiss"]
[EventRounds "4"]
[EventCountry "CAN"]
[SourceTitle "EXT 2022"]
[Source "ChessBase"]
[SourceDate "2021.10.06"]
[SourceVersion "1"]
[SourceVersionDate "2021.10.06"]
[SourceQuality "1"]

1. d4 d6 2. e4 e5 3. dxe5 dxe5 4. Qxd8+ Kxd8 5. Be3 Nf6 6. Nd2 Be6 7. O-O-O Bd6 8. f3 Nbd7 9. Bc4 Re8 10. Nh3 h6 11. Nf2 a6 12. g4 Kc8 13. h4 h5 14. g5 Ng8 15. Rhg1 g6 16. Nd3 Bxc4 17. Nxc4 Re6 18. Rd2 b5 19. Nxd6+ cxd6 20. Nb4 a5 21. Nd5 Ra6 22. Rgd1 Kd8 23. Nc3 b4 24. Nb5 Ke7 25. Nc7 Rc6 26. Nxe6 Kxe6 27. Rd5 Ra6 28. Rb5 Ne7 29. Rb7 Nc6 30. Rd5 Ra8 31. Rc7 Ra6 32. Rb5 Nd8 33. Ra7 Rxa7 34. Bxa7 Nc6 35. Kd2 Nxa7 36. Rxa5 Nc6 1/2-1/2

[Event "Gatineau Service des Loisirs"]
[Site "Gatineau CAN"]
[Date "2012.10.16"]
[Round "1"]
[White "Carabineanu, Marcel"]
[Black "Laurin, Jacques"]
[Result "0-1"]
[WhiteElo "1434"]
[BlackElo "1868"]
[PlyCount "40"]
[GameId "2160767909411756"]
[EventDate "2012.10.16"]
[EventType "swiss"]
[EventRounds "4"]
[EventCountry "CAN"]
[SourceTitle "EXT 2022"]
[Source "ChessBase"]
[SourceDate "2021.10.06"]
[SourceVersion "1"]
[SourceVersionDate "2021.10.06"]
[SourceQuality "1"]

1. e4 d6 2. Nc3 Nf6 3. h3 g6 4. Qf3 Nc6 5. a3 Bg7 6. Bc4 Nd4 7. Qd3 Nd7 8. Nf3 Nc5 9. Bxf7+ Kxf7 10. Qc4+ Be6 11. Ng5+ Ke8 12. Nxe6 Ncxe6 13. O-O Qd7 14. Nd5 c6 15. Ne3 b5 16. Qa2 Nf4 17. d3 Nxh3+ 18. Kh1 Rf8 19. f3 Ne2 20. Ng4 Ng3+ 0-1

[Event "Gatineau Service des Loisirs"]
[Site "Gatineau CAN"]
[Date "2012.10.16"]
[Round "1"]
[White "Danilov, Alex"]
[Black "Kouassi, Karen"]
[Result "1-0"]
[WhiteElo "1693"]
[BlackElo "1146"]
[PlyCount "65"]
[GameId "2160767909411757"]
[EventDate "2012.10.16"]
[EventType "swiss"]
[EventRounds "4"]
[EventCountry "CAN"]
[SourceTitle "EXT 2022"]
[Source "ChessBase"]
[SourceDate "2021.10.06"]
[SourceVersion "1"]
[SourceVersionDate "2021.10.06"]
[SourceQuality "1"]

1. Nf3 d5 2. d4 Nf6 3. c4 e6 4. cxd5 exd5 5. Nc3 Nc6 6. Bf4 Bb4 7. e3 Ne4 8. Qc2 Bf5 9. Bd3 O-O 10. O-O Re8 11. Ne5 Bd6 12. Nxe4 Nb4 13. Qb3 Nxd3 14. Nxd6 Nxf4 15. Nxe8 Nxg2 16. Kxg2 Qg5+ 17. Kh1 Rxe8 18. Qxd5 Rf8 19. Rg1 Qh4 20. f3 g6 21. Rg3 c6 22. Qb3 Kg7 23. Qd1 f6 24. Qe1 fxe5 25. Rxg6+ hxg6 26. Qxh4 exd4 27. Qxd4+ Kg8 28. Rg1 a5 29. e4 Bh3 30. Rxg6+ Kf7 31. Rg7+ Ke6 32. Qd7+ Kf6 33. Qe7# 1-0

[Event "Gatineau Service des Loisirs"]
[Site "Gatineau CAN"]
[Date "2012.10.16"]
[Round "1"]
[White "Desjardins, Michel"]
[Black "Lemieux, Denis"]
[Result "1-0"]
[WhiteElo "1911"]
[BlackElo "1461"]
[PlyCount "53"]
[GameId "2160767909411758"]
[EventDate "2012.10.16"]
[EventType "swiss"]
[EventRounds "4"]
[EventCountry "CAN"]
[SourceTitle "EXT 2022"]
[Source "ChessBase"]
[SourceDate "2021.10.06"]
[SourceVersion "1"]
[SourceVersionDate "2021.10.06"]
[SourceQuality "1"]

1. e4 c6 2. d4 d5 3. exd5 cxd5 4. Bd3 Nf6 5. c3 e6 6. Bf4 Bd6 7. Bg3 b6 8. Qe2 Bxg3 9. hxg3 Qd6 10. Nf3 Nc6 11. Ne5 Bd7 12. Nd2 Rc8 13. g4 g6 14. Ndf3 O-O 15. Qe3 Rfd8 16. Qf4 Qe7 17. Ng5 Be8 18. O-O-O Nb4 19. Kb1 Nxd3 20. Rxd3 Nh5 21. gxh5 f6 22. hxg6 fxg5 23. gxh7+ Kh8 24. Rg3 Bb5 25. Ng6+ Kg7 26. Nxe7 Bd3+ 27. Kc1 1-0

[Event "Gatineau Service des Loisirs"]
[Site "Gatineau CAN"]
[Date "2012.10.16"]
[Round "1"]
[White "Guimond, Michel"]
[Black "Arsenault, Yves"]
[Result "1-0"]
[WhiteElo "1977"]
[BlackElo "1565"]
[PlyCount "83"]
[GameId "2160767909411759"]
[EventDate "2012.10.16"]
[EventType "swiss"]
[EventRounds "4"]
[EventCountry "CAN"]
[SourceTitle "EXT 2022"]
[Source "ChessBase"]
[SourceDate "2021.10.06"]
[SourceVersion "1"]
[SourceVersionDate "2021.10.06"]
[SourceQuality "1"]

1. e4 c5 2. Nf3 Nc6 3. d4 cxd4 4. Nxd4 Nf6 5. Nc3 e6 6. a3 a6 7. Bc4 d5 8. exd5 exd5 9. Ba2 Be7 10. O-O O-O 11. b4 Qd6 12. f3 Bd8 13. Nce2 Bb6 14. Kh1 Nxd4 15. Nxd4 Re8 16. Bb2 Bc7 17. g3 Bh3 18. Rf2 Bd7 19. Qd3 Bb6 20. Rd2 Bxd4 21. Qxd4 Bc6 22. Rad1 b5 23. Kg2 Re6 24. Qd3 Rae8 25. Bd4 Rd8 26. c3 Bb7 27. Bb1 g6 28. Re2 Rxe2+ 29. Qxe2 Re8 30. Qd2 Qe6 31. Bd3 Bc8 32. Qg5 Kg7 33. Qh4 Qc6 34. g4 h6 35. g5 hxg5 36. Qxg5 Re6 37. f4 Kf8 38. h3 Ne4 39. Bxe4 dxe4 40. Qh6+ Ke8 41. Qh8+ Kd7 42. Be5+ 1-0

[Event "Gatineau Service des Loisirs"]
[Site "Gatineau CAN"]
[Date "2012.10.16"]
[Round "1"]
[White "Labelle, Julien Sylvain"]
[Black "Laurin, Marcel"]
[Result "0-1"]
[WhiteElo "956"]
[BlackElo "1581"]
[PlyCount "62"]
[GameId "2160767909411760"]
[EventDate "2012.10.16"]
[EventType "swiss"]
[EventRounds "4"]
[EventCountry "CAN"]
[SourceTitle "EXT 2022"]
[Source "ChessBase"]
[SourceDate "2021.10.06"]
[SourceVersion "1"]
[SourceVersionDate "2021.10.06"]
[SourceQuality "1"]

1. e4 c5 2. Nf3 Nc6 3. Bb5 e6 4. d4 Qa5+ 5. Nc3 cxd4 6. Nxd4 Bb4 7. Nde2 Qxb5 8. a3 Bxc3+ 9. Nxc3 Qc4 10. b3 Qxc3+ 11. Bd2 Qd4 12. Rc1 Qxe4+ 13. Qe2 Qxe2+ 14. Kxe2 Nf6 15. Rhe1 O-O 16. Kf1 d5 17. c4 dxc4 18. bxc4 e5 19. Re2 Bf5 20. h3 Bd3 21. Rce1 Nd4 22. Be3 Bxe2+ 23. Rxe2 Nxe2 24. Kxe2 Rfc8 25. g4 Rxc4 26. Kd3 b5 27. g5 e4+ 28. Ke2 Nd5 29. f3 exf3+ 30. Kxf3 Nxe3 31. Kxe3 Rc3+ 0-1

[Event "Gatineau Service des Loisirs"]
[Site "Gatineau CAN"]
[Date "2012.10.16"]
[Round "1"]
[White "Lavergne, Daniel"]
[Black "Jiang, Qizhe"]
[Result "0-1"]
[WhiteElo "1751"]
[BlackElo "1394"]
[PlyCount "46"]
[GameId "2160767909411761"]
[EventDate "2012.10.16"]
[EventType "swiss"]
[EventRounds "4"]
[EventCountry "CAN"]
[SourceTitle "EXT 2022"]
[Source "ChessBase"]
[SourceDate "2021.10.06"]
[SourceVersion "1"]
[SourceVersionDate "2021.10.06"]
[SourceQuality "1"]

1. e4 d6 2. d4 g6 3. Nf3 Bg7 4. Nc3 Nf6 5. Bc4 O-O 6. Bb3 e6 7. h3 Nc6 8. Bg5 h6 9. Be3 Na5 10. Qd2 Nxb3 11. axb3 Kh7 12. g4 Nd7 13. h4 f5 14. gxf5 exf5 15. h5 g5 16. Bxg5 Nf6 17. Bh4 fxe4 18. Ng5+ hxg5 19. Qxg5 Qe8 20. Ra5 b6 21. Rg1 Bh6 22. Qxh6+ Kxh6 23. Rag5 Nxh5 0-1

[Event "Gatineau Service des Loisirs"]
[Site "Gatineau CAN"]
[Date "2012.10.16"]
[Round "1"]
[White "Lecorre, Joel"]
[Black "Legare, Gilles"]
[Result "1-0"]
[WhiteElo "1593"]
[BlackElo "1124"]
[PlyCount "64"]
[GameId "2160767909411762"]
[EventDate "2012.10.16"]
[EventType "swiss"]
[EventRounds "4"]
[EventCountry "CAN"]
[SourceTitle "EXT 2022"]
[Source "ChessBase"]
[SourceDate "2021.10.06"]
[SourceVersion "1"]
[SourceVersionDate "2021.10.06"]
[SourceQuality "1"]

1. e4 e6 2. d3 c5 3. g3 e5 4. Bg2 Be7 5. Nc3 Bg5 6. Bxg5 Qxg5 7. Nf3 Qd8 8. Nxe5 Nf6 9. Nc4 O-O 10. O-O d6 11. Nb5 Nbd7 12. Nbxd6 Ne5 13. Nxc8 Nxc4 14. dxc4 Qxc8 15. Qe2 Ng4 16. Bh3 h5 17. f3 Qd8 18. fxg4 h4 19. Qf2 Qd4 20. Qxd4 cxd4 21. gxh4 Rae8 22. Bg2 Re5 23. Rad1 Rd8 24. Rd3 g6 25. Rfd1 Kg7 26. c3 g5 27. h5 f5 28. exf5 Re2 29. R3d2 d3 30. Bf3 Re3 31. Kf2 Rde8 32. Rxd3 Rxd3 1-0

[Event "Gatineau Service des Loisirs"]
[Site "Gatineau CAN"]
[Date "2012.10.16"]
[Round "1"]
[White "Morones, Oliver"]
[Black "Dagenais, Benoit"]
[Result "0-1"]
[WhiteElo "1266"]
[BlackElo "1730"]
[PlyCount "94"]
[GameId "2160767909411763"]
[EventDate "2012.10.16"]
[EventType "swiss"]
[EventRounds "4"]
[EventCountry "CAN"]
[SourceTitle "EXT 2022"]
[Source "ChessBase"]
[SourceDate "2021.10.06"]
[SourceVersion "1"]
[SourceVersionDate "2021.10.06"]
[SourceQuality "1"]

1. d3 d5 2. e4 dxe4 3. Nc3 exd3 4. Bxd3 Nf6 5. h3 Nc6 6. Bf4 e6 7. Qf3 Nd5 8. Nge2 Nxf4 9. Qxf4 Bd6 10. Qg4 O-O 11. f4 e5 12. f5 Re8 13. O-O-O Nd4 14. Ng3 h6 15. Nh5 Qg5+ 16. Qxg5 hxg5 17. f6 g6 18. Ng7 Rd8 19. h4 gxh4 20. Rxh4 Bf8 21. Rdh1 Bxg7 22. fxg7 Kxg7 23. Rh7+ Kf8 24. Bc4 Be6 25. Bd3 Bf5 26. Bf1 Ke7 27. g4 Bxg4 28. Ne4 Bf3 29. Ng5 Bxh1 30. Nxf7 Bc6 31. Nxe5+ Kf6 32. Ng4+ Kg5 33. Nh6 Bd5 34. c3 Nc6 35. Nf7+ Bxf7 36. Rxf7 Rf8 37. Bc4 Rxf7 38. Bxf7 Rd8 39. Kc2 Ne5 40. Bxg6 Kxg6 41. Kb3 Rd2 42. Ka3 Nc4+ 43. Kb3 b5 44. Kb4 Rxb2+ 45. Kc5 a6 46. a4 bxa4 47. Kxc4 a3 0-1

[Event "Gatineau Service des Loisirs"]
[Site "Gatineau CAN"]
[Date "2012.10.16"]
[Round "1"]
[White "Pilon, Robert"]
[Black "Gagnon, Fabien"]
[Result "0-1"]
[WhiteElo "1553"]
[BlackElo "1956"]
[PlyCount "52"]
[GameId "2160767909411764"]
[EventDate "2012.10.16"]
[EventType "swiss"]
[EventRounds "4"]
[EventCountry "CAN"]
[SourceTitle "EXT 2022"]
[Source "ChessBase"]
[SourceDate "2021.10.06"]
[SourceVersion "1"]
[SourceVersionDate "2021.10.06"]
[SourceQuality "1"]

1. Nf3 g6 2. b3 Bg7 3. d4 c5 4. e3 Nh6 5. Bb2 O-O 6. Nbd2 Nc6 7. Bd3 d5 8. c4 dxc4 9. Nxc4 cxd4 10. O-O dxe3 11. Bxg7 exf2+ 12. Rxf2 Kxg7 13. Qd2 f6 14. Raf1 Bf5 15. Nb2 Bxd3 16. Nxd3 Qb6 17. Qc3 Ng4 18. Ng5 Nxf2 19. Rxf2 Nd4 20. Qxd4 Qxd4 21. Ne6+ Kg8 22. Nxd4 Rfd8 23. Nc5 Rxd4 24. Nxb7 Rd1+ 25. Rf1 Rxf1+ 26. Kxf1 Rc8 0-1

[Event "Gatineau Service des Loisirs"]
[Site "Gatineau CAN"]
[Date "2012.10.16"]
[Round "1"]
[White "Rose, Richard1"]
[Black "Raymond, Daniel"]
[Result "1-0"]
[WhiteElo "1839"]
[BlackElo "1551"]
[PlyCount "109"]
[GameId "2160767909411765"]
[EventDate "2012.10.16"]
[EventType "swiss"]
[EventRounds "4"]
[EventCountry "CAN"]
[SourceTitle "EXT 2022"]
[Source "ChessBase"]
[SourceDate "2021.10.06"]
[SourceVersion "1"]
[SourceVersionDate "2021.10.06"]
[SourceQuality "1"]

1. e4 c6 2. Nf3 d5 3. exd5 cxd5 4. d4 Nc6 5. h3 Nf6 6. Bd3 e6 7. Bg5 Be7 8. O-O O-O 9. c3 Nd7 10. Bf4 Bf6 11. Qc2 g6 12. Re1 Re8 13. Na3 a6 14. Re2 b5 15. Rae1 Bb7 16. Qd2 Qa5 17. Bd6 Be7 18. Bxe7 Rxe7 19. Qh6 b4 20. Ng5 Nf8 21. Nb1 Rae8 22. f4 Qc7 23. Nf3 f6 24. h4 e5 25. fxe5 fxe5 26. dxe5 Nxe5 27. Nxe5 Rxe5 28. Rxe5 Rxe5 29. Rf1 Qg7 30. Qxg7+ Kxg7 31. cxb4 Re3 32. Rf3 Rxf3 33. gxf3 Kf6 34. Kf2 Ke5 35. Nd2 Ne6 36. Nb3 d4 37. Bc4 Bd5 38. Bxa6 Bxb3 39. axb3 Nf8 40. Bc8 Kd5 41. Ke2 h6 42. Kd3 g5 43. hxg5 hxg5 44. Bb7+ Ke5 45. Kc4 Nd7 46. b5 d3 47. Kc3 Kf4 48. Kd2 Ke5 49. Bc6 Nc5 50. b4 Na4 51. b3 Nb6 52. Kxd3 Kf4 53. Kd4 g4 54. fxg4 Kxg4 55. Kc5 1-0

[Event "Gatineau Service des Loisirs"]
[Site "Gatineau CAN"]
[Date "2012.10.16"]
[Round "1"]
[White "Traversy, Pierre"]
[Black "Villeneuve, Luc"]
[Result "0-1"]
[WhiteElo "1134"]
[BlackElo "1648"]
[PlyCount "162"]
[GameId "2160767909411766"]
[EventDate "2012.10.16"]
[EventType "swiss"]
[EventRounds "4"]
[EventCountry "CAN"]
[SourceTitle "EXT 2022"]
[Source "ChessBase"]
[SourceDate "2021.10.06"]
[SourceVersion "1"]
[SourceVersionDate "2021.10.06"]
[SourceQuality "1"]

1. e4 d5 2. exd5 Qxd5 3. Nc3 Qd6 4. d4 Nf6 5. Nf3 Bg4 6. h3 Bh5 7. Be2 c6 8. Be3 Nbd7 9. Qd2 Nb6 10. b3 e6 11. a4 Nbd5 12. Qd3 Bg6 13. Nb5 cxb5 14. Qxb5+ Qc6 15. Qxc6+ bxc6 16. Ne5 Nxe3 17. fxe3 Bb4+ 18. Kf2 Be4 19. Bd3 O-O 20. Nd7 Bxd3 21. Nxf6+ gxf6 22. cxd3 Rfc8 23. Rac1 c5 24. Rc4 a5 25. Rhc1 Ba3 26. R1c2 Rab8 27. R4c3 Kf8 28. dxc5 Bb4 29. Rc4 Ke7 30. d4 Rc6 31. Ke2 f5 32. Kf3 Be1 33. Rb2 Rg8 34. Rb1 Bb4 35. Rg1 h5 36. g4 hxg4+ 37. hxg4 f6 38. Rc2 fxg4+ 39. Rxg4 Rxg4 40. Kxg4 Rc8 41. Rg2 Kf7 42. Kf3 Rh8 43. Ke2 Rh1 44. Kd3 Rd1+ 45. Kc2 Re1 46. Kd3 f5 47. Re2 Rd1+ 48. Kc2 Ra1 49. Kb2 Rh1 50. Kc2 Rh3 51. Kd3 Ke7 52. Kc4 Rh8 53. Rg2 Rb8 54. Rg7+ Kf6 55. Rg2 Be1 56. Rb2 Rb4+ 57. Kd3 Bg3 58. Rb1 Bc7 59. Kc3 Ke7 60. Rh1 Bg3 61. Rb1 Bf2 62. Kd3 Kd7 63. Ke2 Bg3 64. Kf3 Bc7 65. Ke2 Kc6 66. Kd3 Kd5 67. Rb2 Rb8 68. Rb1 Bd8 69. Kc3 Bg5 70. Kd3 Rb4 71. Rb2 Rb8 72. Rb1 Rh8 73. Re1 Rh3 74. Ke2 Rxe3+ 75. Kd1 Rxe1+ 76. Kxe1 Be3 77. b4 axb4 78. Ke2 Bxd4 79. c6 Kxc6 80. Kd3 e5 81. Kc4 f4 0-1

[Event "Gatineau Service des Loisirs"]
[Site "Gatineau CAN"]
[Date "2012.10.23"]
[Round "2"]
[White "Arsenault, Michel"]
[Black "Scantland, Patrick"]
[Result "0-1"]
[WhiteElo "1879"]
[BlackElo "1774"]
[PlyCount "54"]
[GameId "2160767909411767"]
[EventDate "2012.10.16"]
[EventType "swiss"]
[EventRounds "4"]
[EventCountry "CAN"]
[SourceTitle "EXT 2022"]
[Source "ChessBase"]
[SourceDate "2021.10.06"]
[SourceVersion "1"]
[SourceVersionDate "2021.10.06"]
[SourceQuality "1"]

1. c4 Nf6 2. g3 e5 3. Bg2 g6 4. Nc3 Bg7 5. e4 d6 6. Nge2 Be6 7. d3 Nc6 8. O-O O-O 9. f4 exf4 10. gxf4 Bg4 11. h3 Bh5 12. Be3 Nd7 13. d4 f5 14. e5 dxe5 15. dxe5 Qe8 16. Nd5 Rc8 17. Qd2 Bxe2 18. Qxe2 Nd8 19. Bxa7 b6 20. Nc3 c6 21. Na4 Ra8 22. Bxb6 Rxa4 23. Bxd8 Qxd8 24. b3 Ra5 25. Kh1 Qc7 26. Rad1 Re8 27. Rd6 Qxd6 0-1

[Event "Gatineau Service des Loisirs"]
[Site "Gatineau CAN"]
[Date "2012.10.23"]
[Round "2"]
[White "Arsenault, Yves"]
[Black "Morones, Oliver"]
[Result "0-1"]
[WhiteElo "1565"]
[BlackElo "1266"]
[PlyCount "70"]
[GameId "2160767909411768"]
[EventDate "2012.10.16"]
[EventType "swiss"]
[EventRounds "4"]
[EventCountry "CAN"]
[SourceTitle "EXT 2022"]
[Source "ChessBase"]
[SourceDate "2021.10.06"]
[SourceVersion "1"]
[SourceVersionDate "2021.10.06"]
[SourceQuality "1"]

1. e4 d6 2. d4 e6 3. Nf3 Bd7 4. Bd3 g6 5. O-O Nf6 6. Bg5 h6 7. Be3 Ng4 8. Bd2 h5 9. h3 Nc6 10. d5 Nb8 11. dxe6 Bxe6 12. Ng5 Bd7 13. Bc4 Ne5 14. Bb3 Qe7 15. f4 Bh6 16. fxe5 Bxg5 17. Rxf7 Qxe5 18. Bc3 Qc5+ 19. Bd4 Be3+ 20. Bxe3 Qxe3+ 21. Rf2 Rf8 22. Qf1 Nc6 23. Nc3 O-O-O 24. Re1 Qc5 25. Na4 Qd4 26. Ree2 g5 27. Kh1 Qg7 28. Rxf8 Rxf8 29. Rf2 Rxf2 30. Qxf2 g4 31. Qg3 Qh8 32. h4 Nd4 33. Nc3 Qf6 34. Nd5 Qf1+ 35. Kh2 Ne2 0-1

[Event "Gatineau Service des Loisirs"]
[Site "Gatineau CAN"]
[Date "2012.10.23"]
[Round "2"]
[White "Dagenais, Benoit"]
[Black "Guimond, Michel"]
[Result "0-1"]
[WhiteElo "1730"]
[BlackElo "1977"]
[PlyCount "74"]
[GameId "2160767909411769"]
[EventDate "2012.10.16"]
[EventType "swiss"]
[EventRounds "4"]
[EventCountry "CAN"]
[SourceTitle "EXT 2022"]
[Source "ChessBase"]
[SourceDate "2021.10.06"]
[SourceVersion "1"]
[SourceVersionDate "2021.10.06"]
[SourceQuality "1"]

1. g3 e5 2. Nf3 Nc6 3. d4 e4 4. d5 exf3 5. dxc6 fxe2 6. cxd7+ Bxd7 7. Qxe2+ Qe7 8. Qxe7+ Nxe7 9. Bg2 Nc6 10. c3 O-O-O 11. O-O h5 12. b4 h4 13. gxh4 f6 14. Bf4 Ne5 15. a4 Ng6 16. Bg3 Nxh4 17. Bh1 Bh3 18. Re1 Nf5 19. Na3 Nxg3 20. hxg3 f5 21. Nc4 g5 22. Na5 c6 23. b5 Bg4 24. Bg2 f4 25. gxf4 gxf4 26. Re4 Bd6 27. bxc6 bxc6 28. Nxc6 Rdg8 29. Nxa7+ Kd7 30. Rb1 Bf3 31. Rb7+ Bc7 32. Rxc7+ Kxc7 33. Nb5+ Kb8 34. Re8+ Rxe8 35. Bxf3 Re1+ 36. Kg2 Rg8+ 37. Kh2 Re6 0-1

[Event "Gatineau Service des Loisirs"]
[Site "Gatineau CAN"]
[Date "2012.10.23"]
[Round "2"]
[White "Gagnon, Fabien"]
[Black "Danilov, Alex"]
[Result "1/2-1/2"]
[WhiteElo "1956"]
[BlackElo "1693"]
[PlyCount "73"]
[GameId "2160767909411770"]
[EventDate "2012.10.16"]
[EventType "swiss"]
[EventRounds "4"]
[EventCountry "CAN"]
[SourceTitle "EXT 2022"]
[Source "ChessBase"]
[SourceDate "2021.10.06"]
[SourceVersion "1"]
[SourceVersionDate "2021.10.06"]
[SourceQuality "1"]

1. Nf3 Nf6 2. c4 g6 3. g3 Bg7 4. d4 d6 5. Bg2 O-O 6. O-O c6 7. Nc3 Be6 8. d5 Bd7 9. h3 Na6 10. Be3 e6 11. Bg5 h6 12. Bxf6 Bxf6 13. Qd2 Kh7 14. Rad1 Be7 15. e4 Qc8 16. Kh2 e5 17. Ne1 f5 18. f4 fxe4 19. Nxe4 cxd5 20. cxd5 Nc5 21. Rc1 Nxe4 22. Bxe4 Qd8 23. Nd3 Rc8 24. fxe5 Rxc1 25. Qxc1 dxe5 26. Nxe5 Bf5 27. Bg2 Bd6 28. Nc4 Bb8 29. a4 Qh4 30. d6 Qd4 31. Rd1 Qf2 32. Rd2 Qc5 33. Qe1 Qxc4 34. Bd5 Qc8 35. Qe7+ Kh8 36. Qe5+ Kh7 37. Qe7+ 1/2-1/2

[Event "Gatineau Service des Loisirs"]
[Site "Gatineau CAN"]
[Date "2012.10.23"]
[Round "2"]
[White "Jiang, Qizhe"]
[Black "Rose, Richard1"]
[Result "0-1"]
[WhiteElo "1394"]
[BlackElo "1839"]
[PlyCount "48"]
[GameId "2160767909411771"]
[EventDate "2012.10.16"]
[EventType "swiss"]
[EventRounds "4"]
[EventCountry "CAN"]
[SourceTitle "EXT 2022"]
[Source "ChessBase"]
[SourceDate "2021.10.06"]
[SourceVersion "1"]
[SourceVersionDate "2021.10.06"]
[SourceQuality "1"]

1. e4 c5 2. Nf3 Nc6 3. d4 cxd4 4. Nxd4 g6 5. Be3 Bg7 6. Nc3 d6 7. Qd2 Nf6 8. f3 Bd7 9. Bc4 Ne5 10. Bb3 a6 11. Bh6 O-O 12. O-O-O b5 13. Bxg7 Kxg7 14. f4 Nc4 15. Qd3 Qc7 16. a4 Rfc8 17. Bxc4 bxc4 18. Qf3 Bg4 19. Nd5 Nxd5 20. Qxg4 Ne3 21. Nf5+ Nxf5 22. exf5 c3 23. b3 Qc5 24. fxg6 Qa3+ 0-1

[Event "Gatineau Service des Loisirs"]
[Site "Gatineau CAN"]
[Date "2012.10.23"]
[Round "2"]
[White "Jobin, Gilles G"]
[Black "Morel, Joseph"]
[Result "1/2-1/2"]
[WhiteElo "1838"]
[BlackElo "1623"]
[PlyCount "115"]
[GameId "2160767909411772"]
[EventDate "2012.10.16"]
[EventType "swiss"]
[EventRounds "4"]
[EventCountry "CAN"]
[SourceTitle "EXT 2022"]
[Source "ChessBase"]
[SourceDate "2021.10.06"]
[SourceVersion "1"]
[SourceVersionDate "2021.10.06"]
[SourceQuality "1"]

1. g3 e5 2. Bg2 d5 3. d3 Nf6 4. Nd2 Bc5 5. Nb3 Bb6 6. Nf3 Nc6 7. O-O Be6 8. Ng5 Bf5 9. e4 Bg4 10. Bf3 Bxf3 11. Qxf3 dxe4 12. Nxe4 Nxe4 13. dxe4 Qe7 14. Qg4 O-O 15. Bd2 Rad8 16. Rad1 Nd4 17. Nxd4 Bxd4 18. c3 Bb6 19. Bg5 f6 20. Bc1 c6 21. Kg2 Rfe8 22. Rxd8 Rxd8 23. Rd1 Rxd1 24. Qxd1 Qe6 25. b3 g6 26. Ba3 Kf7 27. Qd6 Qxd6 28. Bxd6 Ke6 29. Ba3 f5 30. f3 Bc7 31. Bc1 b5 32. Be3 a6 33. Kf1 Ba5 34. b4 Bc7 35. Ke2 a5 36. bxa5 Bxa5 37. Kd3 Kd6 38. Bh6 Bb6 39. g4 fxg4 40. fxg4 Ke6 41. Bg5 Bc5 42. h3 Kd7 43. Bf6 Bd6 44. c4 Ke6 45. Bh4 Be7 46. Bf2 h5 47. gxh5 gxh5 48. c5 Kf7 49. Kc3 h4 50. Kd3 Kg6 51. Ke2 Bg5 52. Kf3 Kh5 53. Be1 Bc1 54. Bf2 Bb2 55. Be1 Bd4 56. Bb4 Kg5 57. Bd2+ Kf6 58. Bb4 1/2-1/2

[Event "Gatineau Service des Loisirs"]
[Site "Gatineau CAN"]
[Date "2012.10.23"]
[Round "2"]
[White "Labelle, Julien Sylvain"]
[Black "Carabineanu, Marcel"]
[Result "0-1"]
[WhiteElo "956"]
[BlackElo "1434"]
[PlyCount "68"]
[GameId "2160767909411773"]
[EventDate "2012.10.16"]
[EventType "swiss"]
[EventRounds "4"]
[EventCountry "CAN"]
[SourceTitle "EXT 2022"]
[Source "ChessBase"]
[SourceDate "2021.10.06"]
[SourceVersion "1"]
[SourceVersionDate "2021.10.06"]
[SourceQuality "1"]

1. e4 e5 2. Nf3 d6 3. d3 Nc6 4. Nc3 Be6 5. Be2 Nf6 6. O-O Qd7 7. Be3 O-O-O 8. Re1 Kb8 9. Qd2 Be7 10. Rad1 h5 11. b3 Ng4 12. d4 Nxe3 13. Qxe3 exd4 14. Nxd4 Nxd4 15. Rxd4 g5 16. Na4 Qc6 17. Rc1 g4 18. e5 h4 19. Rcd1 Rdg8 20. Nc3 Bf5 21. Ra4 b6 22. Ba6 Bxc2 23. e6 fxe6 24. Qxe6 Bxd1 25. Nxd1 Qc2 26. Be2 Re8 27. Qd7 Qxe2 28. h3 Qxd1+ 29. Kh2 g3+ 30. fxg3 hxg3+ 31. Kxg3 Rhg8+ 32. Rg4 Rxg4+ 33. hxg4 Qe1+ 34. Kh3 Rh8# 0-1

[Event "Gatineau Service des Loisirs"]
[Site "Gatineau CAN"]
[Date "2012.10.23"]
[Round "2"]
[White "Laurin, Jacques"]
[Black "Lecorre, Joel"]
[Result "1-0"]
[WhiteElo "1868"]
[BlackElo "1593"]
[PlyCount "31"]
[GameId "2160767909411774"]
[EventDate "2012.10.16"]
[EventType "swiss"]
[EventRounds "4"]
[EventCountry "CAN"]
[SourceTitle "EXT 2022"]
[Source "ChessBase"]
[SourceDate "2021.10.06"]
[SourceVersion "1"]
[SourceVersionDate "2021.10.06"]
[SourceQuality "1"]

1. c4 Nf6 2. g3 c6 3. Bg2 e6 4. e4 d5 5. cxd5 exd5 6. e5 Ng8 7. d4 Ne7 8. Nf3 h6 9. O-O Bg4 10. Qb3 Qb6 11. Qd3 Nd7 12. Nc3 Nf5 13. h3 Bxf3 14. Qxf5 Bxg2 15. e6 Bxf1 16. Qxf7+ 1-0

[Event "Gatineau Service des Loisirs"]
[Site "Gatineau CAN"]
[Date "2012.10.23"]
[Round "2"]
[White "Laurin, Marcel"]
[Black "Legare, Gilles"]
[Result "1-0"]
[WhiteElo "1581"]
[BlackElo "1124"]
[PlyCount "33"]
[GameId "2160767909411775"]
[EventDate "2012.10.16"]
[EventType "swiss"]
[EventRounds "4"]
[EventCountry "CAN"]
[SourceTitle "EXT 2022"]
[Source "ChessBase"]
[SourceDate "2021.10.06"]
[SourceVersion "1"]
[SourceVersionDate "2021.10.06"]
[SourceQuality "1"]

1. d4 e6 2. e4 d5 3. e5 c5 4. c3 Nc6 5. Nf3 cxd4 6. cxd4 Be7 7. Bd2 Bb4 8. Nc3 a6 9. Rc1 b5 10. a3 Bb7 11. axb4 a5 12. Nxb5 Nxb4 13. Nd6+ Qxd6 14. exd6 Nf6 15. Bxb4 axb4 16. Rc7 O-O 17. Rxb7 1-0